Loading...
Science - Physics | 0 | 9 | 2 | 1 | 80 | 59 | 108.22 | 1 | 3 |
Science - Chemistry | 0 | 7 | 2 | 2 | 60 | 101 | 126.29 | 0 | 0 |
Mythology | 0 | 3 | 0 | 3 | 30 | 147 | 149.00 | 0 | 0 |
Fine Arts - Other Fine Arts | 0 | 2 | 0 | 0 | 20 | 99 | 118.50 | 0 | 0 |
Science - Other Science | 0 | 2 | 0 | 0 | 20 | 86 | 91.50 | 0 | 1 |
History - Other History | 0 | 3 | 3 | 0 | 15 | 116 | 131.67 | 0 | 0 |
Literature - British Literature | 0 | 1 | 0 | 0 | 10 | 94 | 94.00 | 0 | 1 |
Fine Arts - Painting & Sculpture | 0 | 1 | 0 | 1 | 10 | 157 | 157.00 | 0 | 0 |
History - European History | 0 | 2 | 2 | 0 | 10 | 71 | 105.50 | 0 | 1 |
History - World History | 0 | 1 | 0 | 0 | 10 | 163 | 163.00 | 0 | 0 |
Literature - European Literature | 0 | 1 | 0 | 0 | 10 | 153 | 153.00 | 0 | 0 |
Philosophy | 0 | 1 | 0 | 0 | 10 | 147 | 147.00 | 0 | 0 |
Fine Arts - Classical Music | 0 | 0 | 0 | 0 | 0 | 0.00 | 0 | 0 |